000 00703nam a2200241Ia 4500
003 OSt
005 20220925212357.0
006 a|||||r|||| 00| 0
007 ta
008 220923b |||||||| |||| 00| 0 eng d
037 _cGeneral Book
040 _aRTL
_cRTL
_beng
041 _2eng
_aeng
082 _aY:1, J7
100 _aRay Verne F Ed.
_9276737
245 0 _aCultural stability and cultural change
_b Proceeding
260 _aLondon
_bAES
_c1957
300 _avii,84p
_ccm.
490 _aAmerican Ethnological Society, Annual Spring Meeting,1957
650 _aCulture and Civilisation
942 _hY:1, J7
_cGB
_2CC
999 _c560238
_d560238